| 000 | 00425 a2200145 4500 | ||
|---|---|---|---|
| 999 |
_c29178 _d29178 |
||
| 003 | NUST | ||
| 005 | 20180118153316.0 | ||
| 008 | 180118b xxu||||| |||| 00| 0 eng d | ||
| 020 | _a1593271522 | ||
| 020 | _a9781593271527 | ||
| 082 | 0 | 4 | _a005.4 |
| 100 | 1 |
_aGrant, Rickford. _98864 |
|
| 245 | 1 | 0 |
_aUbuntu for non-geeks : _ba pain-free, project-based, get-things-done guidebook / _cRickford Grant. |
| 260 |
_a[S.l.] : _bNo Starch Press, _c2006. |
||
| 300 |
_a345 p. ; _c24 cm. |
||
| 942 |
_aSNS _cBK _k005.432 GRA _2ddc |
||